| 000 | 01091nam a2200313 a 4500 | ||
|---|---|---|---|
| 001 | 67821 | ||
| 003 | BD-RjUL | ||
| 005 | 20211209081710.0 | ||
| 008 | 170329s1990 nyua b 001 0 eng | ||
| 020 | _a082477499X | ||
| 035 | _a(BD-RjUL)68030 | ||
| 040 |
_aDLC _cDLC _dDLC _dBD-RjUL _beng |
||
| 041 | _aeng | ||
| 082 | 0 | 0 |
_223 _a615.1 _bMOD 1990 |
| 245 | 0 | 0 |
_aModern pharmaceutics / _cedited by Gilbert S. Banker and Christopher T. Rhodes. |
| 250 | _a2nd ed., rev. and expanded. | ||
| 260 |
_aNew York, N.Y. : _bM. Dekker, _cc1990. |
||
| 300 |
_axiv, 888 p. : _bill. _c25 cm. |
||
| 504 | _aIncludes bibliographical references. | ||
| 650 | 0 |
_aDrugs _xDosage forms. _9201060 |
|
| 650 | 0 |
_aBiopharmaceutics. _9201061 |
|
| 650 | 0 |
_aPharmacokinetics. _9201062 |
|
| 650 | 0 |
_aPharmaceutical industry _xQuality control. _9201063 |
|
| 700 | 1 |
_aBanker, Gilbert S., _d1931- _9201064 |
|
| 700 | 1 |
_aRhodes, Christopher T., _d1937- _9201065 |
|
| 830 |
_aDrugs and the pharmaceutical sciences ; _vv. 42 _9201059 |
||
| 942 |
_2ddc _cBK |
||
| 999 |
_c67821 _d67821 |
||